000 00807nam a2200205Ia 4500
005 20260121110144.0
008 008 260114s9999 xx 000 0 hin d
020 _a9788132361169
037 _aEBOOK
040 _aCRL
_bhin
_cCRL
041 _ahin
_2hin
084 _qCRL
100 _aप्रशांत दीक्षित / Prashant Dixit
_9942729
245 0 _aरचना संसार: भारतेन्दु एवं द्विवेदी युग की प्रमुख पुस्तकें / Rachna Sansar: Bhartendu aur Dwivedi Yug ki Pramukh Pustakein
260 _bभाषा प्रकाशन / Bhasha Prakashan
_c2021
856 _uhttps://bhashaprakashan.com/product-details/379067
942 _cEBOOK
999 _c1534394
_d1534394